000 00342nam a2200145Ia 4500
008 191201s2009 xx 000 0 und d
082 _a658.15
_bAVI
100 _aAVADHANI,VA
245 0 _aInternational Finance
250 _aRep
260 _aN.Delhi
_bHimalaya Publication House
_c2009
300 _a501
650 _aMBA
942 _2ddc
_cBK
999 _c4322
_d4322